000 00375nam a22001337a 4500
999 _c160774
_d160774
082 _a
_b
100 _aElisee Reclus
245 _aWorld encyclopedia of nations and nationalities:
_buniversal geography with illustration and maps (v.2)(p.1)/
_cby Elisee Reclus.
260 _aNew Delhi:
_bDiscovery,
_c1992.
300 _a251p.
650 _a
700 _a
942 _cBK